Cuadernos de Marcha/
Gespeichert in:
| Körperschaft: | |
|---|---|
| Format: | Buch |
| Sprache: | Spanish |
| Veröffentlicht: |
Uruguay:
Centro de Estudios Uruguay-América Latina
|
| Schlagworte: | |
| Tags: |
Tag hinzufügen
Keine Tags, Fügen Sie den ersten Tag hinzu!
|
MARC
| LEADER | 00000nam a22000007a 4500 | ||
|---|---|---|---|
| 003 | cru CIDCACS/IIS | ||
| 005 | 20200422154947.0 | ||
| 008 | 191105n uy |||p|r||||||0| ||spa|d | ||
| 999 | |c 42572 |d 42572 | ||
| 040 | |c cru CIDCACS/IIS | ||
| 090 | |a REV0239 | ||
| 110 | 2 | |9 8760 |a Centro de Estudios Uruguay-América Latina | |
| 245 | 1 | |a Cuadernos de Marcha/ |c Centro de Estudios Uruguay-América Latina | |
| 260 | |a Uruguay: |b Centro de Estudios Uruguay-América Latina | ||
| 500 | |a EXISTENCIAS : 1979 1 (2-3) 1980 1 (6) 2 (8-9) 1983 4 (21) 1988 3 (29) 3° época | ||
| 650 | 4 | |9 3217 |a PROBLEMAS POLITICOS | |
| 650 | 0 | |9 70 |a FUERZAS ARMADAS | |
| 650 | 4 | |9 1924 |a IMPERIALISMO | |
| 650 | 0 | |9 64 |a CAPITALISMO | |
| 650 | 0 | |9 236 |a MARXISMO | |
| 650 | 4 | |9 2646 |a RELACIONES INTERNACIONALES | |
| 942 | |2 ddc |c PP | ||
